00549nam a22001697a 450000500170000001000150001702000260003203500130005803700130007108200170008424501180010126000370021927000550025630000310031150000190034270000180036120130516144025.0 aENG-107026 a9788184050745c495.00 aEN-90559 bDBAD/PUB a658.30080954 aDiversity and inclusion :cedited by Deepak Dograbreflections on benchmarking practices in Indian organisation / aNew DelhibReference Pressc2012 a4831/24, Ansari Road, DaryaganjbNew Delhie110002 axiv,164p.:bill.c22cm(Hb) aIncludes index aDogra, Deepak